[Event "Cutro op-B 15th"]
[Site "Cutro"]
[Date "2009.04.24"]
[Round "5"]
[White "Safari, Nasim"]
[Black "Hosseni, Raza"]
[Result "1-0"]
[WhiteElo "1440"]
[BlackElo "1440"]
[PlyCount "126"]
[EventDate "2009.04.20"]
[EventType "swiss"]
[EventRounds "7"]
[EventCountry "ITA"]
[SourceTitle "EXT 2011"]
[Source "ChessBase"]
[SourceDate "2010.11.26"]
[SourceVersion "1"]
[SourceVersionDate "2010.11.26"]
[SourceQuality "1"]

1. Nf3 Nf6 2. g3 g6 3. Bg2 Bg7 4. Nc3 d5 5. d4 Nc6 6. 0-0 e6 7. Re1 Ne4 8. e3 Nf6 9. Ng5 Bh6 10. Nf3 0-0 11. e4 Bxc1 12. Rxc1 Re8 13. Qd2 Kg7 14. e5 Ng4 15. Rcd1 a6 16. Qf4 Nh6 17. Ng5 b5 18. a3 b4 19. Na2 bxa3 20. bxa3 Rb8 21. Rb1 Rxb1 22. Rxb1 Nxd4 23. Qxd4 Qxg5 24. h3 Qe7 25. Qd3 Qd7 26. Rb8 c6 27. Rb4 Bb7 28. Qd2 Ng8 29. Rh4 h6 30. Bf1 Qc7 31. Qe3 Rb8 32. Ra4 Bc8 33. Nb4 a5 34. Na6 Bxa6 35. Bxa6 Ra8 36. Bf1 Ne7 37. g4 Nc8 38. g5 h5 39. Qc3 Ne7 40. Be2 Qb7 41. Rxa5 Rxa5 42. Qxa5 Qb1+ 43. Bf1 Qxc2 44. Qb4 Nf5 45. Qf4 Qc5 46. a4 Qa5 47. Kg2 c5 48. Bd3 Ne7 49. Qf6+ Kf8 50. Bb5 c4 51. Qf4 Nc8 52. Qd4 Nb6 53. Qc5+ Kg7 54. Qc7 c3 55. Be8 Kh7 56. Qxf7+ Kh8 57. Qf8+ Kh7 58. Qe7+ Kg8 59. Qxe6+ Kh8 60. Qf6+ Kg8 61. Qxg6+ Kh8 62. Qxh5+ Kg8 63. Qf7+ Kh8 1-0

[Event "Cutro op-B 15th"]
[Site "Cutro"]
[Date "2009.04.22"]
[Round "3"]
[White "Catapano, Francesco"]
[Black "Hosseni, Raza"]
[Result "1-0"]
[WhiteElo "1772"]
[BlackElo "1440"]
[PlyCount "49"]
[EventDate "2009.04.20"]
[EventType "swiss"]
[EventRounds "7"]
[EventCountry "ITA"]
[SourceTitle "EXT 2011"]
[Source "ChessBase"]
[SourceDate "2010.11.26"]
[SourceVersion "1"]
[SourceVersionDate "2010.11.26"]
[SourceQuality "1"]

1. Nf3 Nf6 2. g3 c5 3. Bg2 Nc6 4. 0-0 e6 5. d3 Be7 6. e4 d6 7. c3 0-0 8. Qe2 Re8 9. Nbd2 Bd7 10. a4 a6 11. e5 dxe5 12. Nxe5 Nxe5 13. Qxe5 Bc6 14. Qe2 Rb8 15. Rd1 b5 16. axb5 axb5 17. Ne4 Bb7 18. Bf4 Rc8 19. Nxf6+ Bxf6 20. Bxb7 Qb6 21. Bxc8 Rxc8 22. Qe4 c4 23. Ra8 Rxa8 24. Qxa8+ Bd8 25. dxc4 1-0

[Event "Cutro op-B 15th"]
[Site "Cutro"]
[Date "2009.04.20"]
[Round "1"]
[White "Rizzuti, Pasquale"]
[Black "Hosseni, Raza"]
[Result "1-0"]
[WhiteElo "1814"]
[BlackElo "1440"]
[PlyCount "101"]
[EventDate "2009.04.20"]
[EventType "swiss"]
[EventRounds "7"]
[EventCountry "ITA"]
[SourceTitle "EXT 2011"]
[Source "ChessBase"]
[SourceDate "2010.11.26"]
[SourceVersion "1"]
[SourceVersionDate "2010.11.26"]
[SourceQuality "1"]

1. Nf3 Nc6 2. c4 e5 3. Nc3 Nf6 4. d3 h6 5. g3 d5 6. cxd5 Nxd5 7. Bg2 Bb4 8. Bd2 Nce7 9. a3 Bxc3 10. bxc3 a6 11. 0-0 0-0 12. a4 Bg4 13. a5 b5 14. axb6 cxb6 15. Qa4 b5 16. Qxg4 Ng6 17. Nh4 Nde7 18. Bxa8 Qxa8 19. Nxg6 Nxg6 20. Rfb1 Qb7 21. Qe4 Qxe4 22. dxe4 Re8 23. Be1 Ra8 24. Rxb5 axb5 25. Rxa8+ Kh7 26. Rb8 Ne7 27. Rxb5 g5 28. f3 Nc8 29. Bf2 Nd6 30. Rb4 Ne8 31. c4 Nc7 32. Rb6 Ne8 33. c5 f6 34. Rb7+ Kg6 35. Re7 Ng7 36. g4 h5 37. h3 hxg4 38. hxg4 f5 39. Rxg7+ Kxg7 40. gxf5 Kf6 41. c6 Ke7 42. Bc5+ Kd8 43. Bd6 Ke8 44. Bxe5 Ke7 45. f6+ Ke6 46. e3 Kxe5 47. f7 Kf6 48. f8Q+ Kg6 49. c7 Kh5 50. c8Q Kh4 51. Qg4# 1-0